[Event "IECC O-3484"]
[Site "IECC email"]
[Date "2012.08.06"]
[Round "?"]
[White "D'Aragona, Vittoria"]
[Black "Zanatta, Daniel"]
[Result "1-0"]
[WhiteElo "1414"]
[BlackElo "1400"]
[PlyCount "23"]
[EventDate "2012.??.??"]
[EventType "swiss (corr)"]
[EventRounds "2"]
[SourceTitle "Corr 2020"]
[Source "ChessBase"]
[SourceDate "2019.09.30"]
[SourceVersion "1"]
[SourceVersionDate "2019.09.30"]
[SourceQuality "1"]
[WhiteTeam "Italy"]
[BlackTeam "Italy"]
[WhiteTeamCountry "ITA"]
[BlackTeamCountry "ITA"]

1. e4 g6 2. Nf3 Bg7 3. d4 d6 4. Nc3 Nf6 5. Be2 0-0 6. 0-0 Bg4 7. h3 Bxf3 8. Bxf3 e5 9. dxe5 dxe5 10. Bg5 Nc6 11. Qxd8 Raxd8 12. Nd5 1-0